000 00764nam a22002057a 4500
999 _c12681
_d12681
003 AR-CdUCM
008 190409b ||||| |||| 00| 0 spa d
040 _aMUNICIPALIDAD PROVINCIAL DEL CUSCO
_cBIBLIOTECA MUNICIPAL DEL CUSCO
082 _aC / 306.484 /
_bV78
100 _aVizcarra, Julio A.
_916673
245 _aEl tango :
_bubicación sociológica /
260 _aCusco :
_bLos Andes,
_c1971.
300 _a60 páginas ;
_c21 cm.
505 _aContenido: Estampa -- El sexo y el tango -- El hibridismo -- El tango y la cultura de la pobreza -- La tristeza y el tango -- La poesía y el tango -- El lunfardo.
650 _aMúsica
_91443
650 _aManifestaciones
_930670
650 _aArgentina
_9511
942 _2ddc
_cLIBROS
945 _aacv
_d2019-04-09